000 00746nam a22002057a 4500
005 20251108165532.0
008 250721s1993 xx 000 0 ara d
082 1 4 _aم/413.12/محم
100 1 _aصيني، محمود إسماعيل
_eمعد
245 1 0 _aالمكنز العربي المعاصر :
_bمعجم في المترادفات و المتجانسات للمؤلفين /
264 1 _aبيروت :
_bمكتبة لبنان ناشرون،
_c1993.
300 _a121ص : كشاف
650 1 7 _aاللغة العربية
650 1 7 _aالمترادفات
650 1 7 _aالقواميس
700 1 _aعبد العزيز، ناصف مصطفى
700 1 _aسليمان، مصطفى أحمد
942 _2ddc
_cREF
999 _c30204
_d30204